Villes de Taïwan - Carte Quiz - Statistiques

Statistiques générales
  • Ce quiz a été pris 143 fois
  • Le résultat moyen est 7 sur 17
Réponses sur la Carte
Les réponses sont colorées sur une échelle allant du rouge au vert en fonction du pourcentage des utilisateurs qui les ont devinées à leur premier essai. Vous pouvez retrouver ces pourcentages ci-dessous.
 
Statistiques - réponses
Réponse % Correct
Taipei
96%
Kaohsiung
70%
Hualien
61%
Taichung
58%
Taoyuan
54%
Keelung
51%
Tainan
49%
Taitung
46%
Hsinchu
39%
Yilan
37%
Banqiao
35%
Pingtung
30%
Chiayi
28%
Miaoli
25%
Nantou
23%
Changhua
19%
Xinying
7%
Aucun quiz correspondant
Distribution des résultats
% des personnes avec chaque résultat
Percentile par nombre de réponses
Votre historique - résultats
Vous n’avez pas pris ce quiz